ملك وكتابة = (Record no. 23063)
[ view plain ]
| 000 -LEADER | |
|---|---|
| fixed length control field | 04188ngm a22005535a 4500 |
| 005 - DATE AND TIME OF LATEST TRANSACTION | |
| control field | 20161108110901.0 |
| 007 - PHYSICAL DESCRIPTION FIXED FIELD--GENERAL INFORMATION | |
| fixed length control field | vd mvaizu |
| 008 - FIXED-LENGTH DATA ELEMENTS--GENERAL INFORMATION | |
| fixed length control field | 161105s200? ua 113 g vzara da d |
| 020 ## - INTERNATIONAL STANDARD BOOK NUMBER | |
| International Standard Book Number | 2000001575307 |
| 024 ## - OTHER STANDARD IDENTIFIER | |
| Standard number or code | ت.ر16/5/18CD/2006 |
| 024 ## - OTHER STANDARD IDENTIFIER | |
| Standard number or code | ت.ع13 |
| 028 ## - PUBLISHER NUMBER | |
| Publisher number | ت.ر16/5/18CD/2006 |
| Source | شركة البطريق للإنتاج الفني |
| 028 ## - PUBLISHER NUMBER | |
| Source | الشركة المصرية لمدينة الإنتاج الإعلامي |
| 040 ## - CATALOGING SOURCE | |
| Original cataloging agency | EG-ScBUE |
| Transcribing agency | ara |
| Modifying agency | EG-ScBUE |
| 041 ## - LANGUAGE CODE | |
| Language code of original and/or intermediate translations of text | ara |
| 082 04 - DEWEY DECIMAL CLASSIFICATION NUMBER | |
| Classification number | 791.4372 |
| Item number | م ل ك |
| Edition number | 22 |
| 245 00 - TITLE STATEMENT | |
| Title | ملك وكتابة = |
| Remainder of title | Malek we ketaba |
| Medium | [تسجيل مرئي] / |
| Statement of responsibility, etc | إنتاج شركة البطريق للإنتاج الفني، الشركة المصرية لمدينة الإنتاج الإعلامي ؛ قصة وسيناريو وحوار أحمد الناصر، سامي حسام ؛ إخراج كاملة أبو ذكرى. |
| 246 31 - VARYING FORM OF TITLE | |
| Title proper/short title | Malek we ketaba |
| 260 ## - PUBLICATION, DISTRIBUTION, ETC. (IMPRINT) | |
| Place of publication, distribution, etc | القاهرة : |
| Name of publisher, distributor, etc | السبكي فيلم للإنتاج السينمائي، |
| Date of publication, distribution, etc | [200?] |
| 300 ## - PHYSICAL DESCRIPTION | |
| Extent | 2 قرص مرئي (113 دق.) : |
| Other physical details | نا.، لو. ؛ |
| Dimensions | 4 3/4 بو. |
| 500 ## - GENERAL NOTE | |
| General note | ملك وكتابة هو فيلم درامي مصري، من إنتاج الشركة المصرية لمدينة الإنتاج الإعلامي سنة 2006. |
| 508 ## - CREATION/PRODUCTION CREDITS NOTE | |
| Creation/production credits note | قصة وسيناريو وحوار، أحمد الناصر، سامي حسام ؛ إخراج، كاملة أبو ذكري ؛ مدير التصوير، أحمد مرسي ؛ مونتاج، دينا فاروق ؛ إدارة الإنتاج، سيد أمين، سيد أبو السعود ؛ الموسيقى التصويرية، خالد شكري. |
| 511 ## - PARTICIPANT OR PERFORMER NOTE | |
| Participant or performer note | محمود حميدة، هند صبري، لطفي لبيب، خالد أبو النجا، عايدة رياض، راندا البحيري، يارا جبران. |
| 520 ## - SUMMARY, ETC. | |
| Summary, etc | محمود أستاذ للتمثيل يهتم كثيراً بالجانب الاكاديمي ، ليس له أصدقاء ولا يعرف من الحياة سوى التدريس والمنزل ، حتى حينما يجلس مع زوجته ينشغل كل منهما عن الاخر ، هو قانع وسعيد بحياته المهنية والعائلية ، وذلك على الرغم من رتابة هذه الحياة ، إلى أن يحدث التحول في شخصيته عندما يكتشف خيانة زوجته مع شاب صغير ، ينهار عالمه المثالي ويعيش مرحلة صراع وبحث عن الذات ، يغادر المنزل وينقطع عن التدريس ويتردد على المقاهي ويتعرف على روادها حيث يتعرف على ممثلة شابة وتدخل حياته وتحاول أن تجعله يعيش مرحلة إخرى جديدة عليه وتتوالي الاحداث . |
| 538 ## - SYSTEM DETAILS NOTE | |
| System details note | قرص مرئي (DVD) |
| 546 ## - LANGUAGE NOTE | |
| Language note | الفيلم باللغة العربية العربية. |
| 650 #0 - SUBJECT ADDED ENTRY--TOPICAL TERM | |
| Topical term or geographic name as entry element | الأفلام السينمائية |
| Geographic subdivision | مصر |
| Chronological subdivision | 2000-2006. |
| Source of heading or term | BUEsh |
| 650 #0 - SUBJECT ADDED ENTRY--TOPICAL TERM | |
| Topical term or geographic name as entry element | الأفلام الدرامية. |
| Source of heading or term | BUEsh |
| 653 ## - INDEX TERM--UNCONTROLLED | |
| Resource For college | Generalities |
| Arrived date list | November2016 |
| 655 #0 - INDEX TERM--GENRE/FORM | |
| Genre/form data or focus term | ﺩﺭاﻣﺎ. |
| Source of term | BUEsh |
| 700 1# - ADDED ENTRY--PERSONAL NAME | |
| Personal name | ناصر، أحمد، |
| Relator term | سيناريست. |
| 700 1# - ADDED ENTRY--PERSONAL NAME | |
| Personal name | حسام، سامي، |
| Relator term | سيناريست. |
| 9 (RLIN) | 15417 |
| 700 1# - ADDED ENTRY--PERSONAL NAME | |
| Personal name | أبو ذكرى، كاملة، |
| Relator term | مخرج، |
| 700 1# - ADDED ENTRY--PERSONAL NAME | |
| Personal name | مرسي، أحمد، |
| Relator term | مدير التصوير. |
| 700 1# - ADDED ENTRY--PERSONAL NAME | |
| Personal name | فاروق، دينا، |
| Relator term | مونتاج. |
| 700 1# - ADDED ENTRY--PERSONAL NAME | |
| Personal name | أمين، سيد، |
| Relator term | إدارة الإنتاج. |
| 700 1# - ADDED ENTRY--PERSONAL NAME | |
| Personal name | أبو السعود، سيد، |
| Relator term | إدارة الإنتاج. |
| 700 1# - ADDED ENTRY--PERSONAL NAME | |
| Personal name | شكري، خالد، |
| Relator term | الموسيقى التصويرية. |
| 700 1# - ADDED ENTRY--PERSONAL NAME | |
| Personal name | حميدة، محمود، |
| Relator term | ممثل. |
| 700 1# - ADDED ENTRY--PERSONAL NAME | |
| Personal name | صبري، هند، |
| Relator term | ممثل. |
| 700 1# - ADDED ENTRY--PERSONAL NAME | |
| Personal name | لبيب، لطفي، |
| Relator term | ممثل. |
| 9 (RLIN) | 41121 |
| 700 1# - ADDED ENTRY--PERSONAL NAME | |
| Personal name | أبو النجا، خالد، |
| Relator term | ممثل. |
| 9 (RLIN) | 16402 |
| 700 1# - ADDED ENTRY--PERSONAL NAME | |
| Personal name | رياض، عايدة، |
| Relator term | ممثل. |
| 700 1# - ADDED ENTRY--PERSONAL NAME | |
| Personal name | بحيري، راندا، |
| Relator term | ممثل. |
| 700 1# - ADDED ENTRY--PERSONAL NAME | |
| Personal name | جبران، يارا، |
| Relator term | ممثل. |
| 710 2# - ADDED ENTRY--CORPORATE NAME | |
| Corporate name or jurisdiction name as entry element | شركة البطريق للإنتاج الفني، |
| Relator term | منتج. |
| 710 2# - ADDED ENTRY--CORPORATE NAME | |
| Corporate name or jurisdiction name as entry element | الشركة المصرية لمدينة الإنتاج الإعلامي، |
| Relator term | منتج. |
| 942 ## - ADDED ENTRY ELEMENTS (KOHA) | |
| Source of classification or shelving scheme | Dewey Decimal Classification |
| Item type | |
| Withdrawn status | Lost status | Source of classification or shelving scheme | Damaged status | Not for loan | Koha collection | Location (home branch) | Sublocation or collection (holding branch) | Shelving location | Date acquired | Source of acquisition | Koha issues (times borrowed) | Koha full call number | Piece designation (barcode) | Koha date last seen | Price effective from | Koha item type |
|---|---|---|---|---|---|---|---|---|---|---|---|---|---|---|---|---|
| Dewey Decimal Classification | Baccah | Central Library | Central Library | Second Floor | 08/11/2016 | Purchase | 791.4372 م ل ك | 000034723 | 24/08/2022 | 08/11/2016 | CD | DVD - Movie (NB) |